header

Visual FoxPro certification exams study guide (Record no. 211903)

MARC details
000 -LEADER
fixed length control field 01406nam a2200361Ia 4500
082 04 - DEWEY DECIMAL CLASSIFICATION NUMBER
Classification number 005.75/65
100 1# - MAIN ENTRY--AUTHOR NAME
Personal name Winegarden, Cindy.
245 10 - TITLE STATEMENT
Title Visual FoxPro certification exams study guide
260 ## - PUBLICATION, DISTRIBUTION, ETC. (IMPRINT)
Place of publication Whitefish Bay, Wis. :
Name of publisher Hentzenwerke Publishing,
Year of publication c2001.
300 ## - PHYSICAL DESCRIPTION
Number of Pages 187 p.
500 ## - GENERAL NOTE
General note Title from title screen.
650 #0 - SUBJECT ADDED ENTRY--TOPICAL TERM
Topical Term Computer programmers
Topical Term Database management.
Topical Term Electronic data processing personnel
Topical Term Object-oriented programming (Computer science)
700 1# - ADDED ENTRY--PERSONAL NAME
Personal name Delay, Evan.
856 40 - ELECTRONIC LOCATION AND ACCESS
Uniform Resource Identifier http://site.ebrary.com/lib/rucke/Doc?id=10110775

No items available.

© 2026 Rongo University
Contact us: librarian | system librarian | Rongo university